| 000 | 00377 a2200109 4500 | ||
|---|---|---|---|
| 100 | 1 |
_aBirjukov, Ju. S.. _eAutor |
|
| 700 | 1 |
_aChromcenko, G. E.. _eAutor |
|
| 245 | 0 |
_aSoedinenie i okoncevanie mednych i aljuminievych provodov i kabelej / _cBirjukov Ju. S., Chromcenko G. E.. |
|
| 250 | _aIzd. 3. | ||
| 710 | 2 |
_aEnergija. _eWydawca _4pbl |
|
| 260 |
_aMoskva : _bEnergija, _c1972. |
||
| 300 |
_a48 s.; _c25 cm. |
||
| 999 |
_c3822 _d3822 |
||